000
00276nam a2200109Ia 4500
008
190919s9999||||xx |||||||||||||| ||und||
100
_a
Elaine P.Congress
245
0
_a
Social Work Values and Ethics
260
_a
New Jersey
_b
Nelson Hall
_c
2002
300
_a
150
942
_c
BK
999
_c
11308
_d
11308